000 00977nam a2200241 i 4500
001 167537
003 ES-MaACL
005 20240509145548.0
008 970218s1880 sp ab |||| | spa d
040 _aCYL
_bspa
_cCYL
080 _a628.112.23
080 _a628.11
100 1 _aVilanova y Piera, Juan,
_d1821-1893
_9114785
245 1 0 _aTeoría y práctica de pozos artesianos y arte de alumbrar aguas /
_cpor Juan Vilanova y Piera.
260 _aMadrid :
_b[s.n.],
_c1880 (
_fImprenta y fundición de M. Tello)
300 _a593 p., [3] h. de grab. pleg., [1] h. de map. pleg. :
_bil. ;
_c23 cm.
599 _aLas h. de grab. lit. "A. Broise & Courtier, 43. R. de Dunkerque, París" "Lit. J. Pajares, Amor de Dios, 6 Madrid"
650 7 _aPozos artesianos
_2
_9136758
650 4 _aCaptación de aguas.
_9152027
852 _aES-MaACL
_jB-7965
_z-- Enc. tela
852 _aES-MaACL
_jF-12703
_z.- Dedicatoria manuscrita del autor
999 _c167537
_d167537